[Event "AUTO-OPEN-1063"]
[Site "http://www.queenalice.com/game.php?id=374576"]
[Date "2008.3.21"]
[Round "1"]
[White "righidarosa"]
[Black "ManofBlack"]
[Result "1-0"]
[WhiteElo "1481"]
[BlackElo "1481"]

1. d4 c5 2. dxc5 Qa5+ 3. c3 Qxc5 4. Nf3 h6 5. Be3 Qc4 6. Nbd2 Qb5 7. b3 d5 8. a4
Qc6 9. Bd4 f6 10. Rc1 e5 11. Be3 d4 12. cxd4 Qe6 13. dxe5 fxe5 14. Nxe5 Qxe5 15.
Rxc8+ Kf7 16. Nf3 Qa5+ 17. Bd2 1-0

[Event "AUTO-OPEN-1063"]
[Site "http://www.queenalice.com/game.php?id=374577"]
[Date "2008.3.21"]
[Round "1"]
[White "ManofBlack"]
[Black "righidarosa"]
[Result "0-1"]
[WhiteElo "1481"]
[BlackElo "1453"]

1. e4 e5 2. Bc4 Nf6 3. Nf3 d6 4. Ng5 Be6 5. Bb5+ c6 6. Ba4 b5 7. Bb3 Bxb3 8.
axb3 h6 9. Nf3 Nxe4 10. Qe2 Nf6 11. b4 e4 12. Nd4 d5 13. Nxc6 Nxc6 14. c3 a6 15.
d3 Qe7 16. d4 g5 17. Be3 g4 0-1

[Event "Challenge"]
[Site "http://www.queenalice.com/game.php?id=375549"]
[Date "2008.3.23"]
[Round "-"]
[White "Silver_Mosquito"]
[Black "righidarosa"]
[Result "1-0"]
[WhiteElo "1490"]
[BlackElo "1506"]

1. b4 d5 2. d4 Bd7 3. Nf3 Nf6 4. Bf4 g6 5. e3 a6 6. Be2 Bg7 7. Nbd2 b5 8. O-O
O-O 9. Nb3 Ne4 10. Nc5 Bc6 11. Qd3 Qe8 12. Ne5 Bxe5 13. Bxe5 Nxc5 14. bxc5 Qd7
15. Bf4 f5 16. h4 Qe8 17. Bxc7 Nd7 18. c3 e5 19. Bd6 e4 20. Qd2 Rf6 21. f3 Qe6
22. Qe1 a5 23. a3 h6 24. Qg3 Kh7 25. f4 Rg8 26. Qh3 h5 27. Rab1 Kh6 28. Qg3 Rf7
29. Bxb5 Bxb5 30. Rxb5 Rfg7 31. Qg5+ Kh7 32. Be5 Nxe5 33. fxe5 Ra7 34. Rfb1 a4
35. Rb7+ Rxb7 36. Rxb7+ Rg7 37. Rb8 Rc7 38. Qd8 Rd7 39. Qh8# 1-0

[Event "AUTO-INT-856"]
[Site "http://www.queenalice.com/game.php?id=382197"]
[Date "2008.4.4"]
[Round "1"]
[White "zolaweed"]
[Black "righidarosa"]
[Result "1-0"]
[WhiteElo "1700"]
[BlackElo "1445"]

1. e3 d5 2. c3 e6 3. d3 Nf6 4. a3 a6 5. Be2 c5 6. Bf3 b5 7. Nh3 Nbd7 8. O-O Be7
9. c4 dxc4 10. Bxa8 Nd5 11. Bc6 cxd3 12. Qxd3 c4 13. Qd4 O-O 14. e4 Bf6 15. Qd1
Qb6 16. exd5 Nc5 17. Nc3 Bxc3 18. bxc3 Nb3 19. Be3 Qa5 20. Qg4 Nxa1 21. Bh6 Qxc3
22. d6 Rd8 23. Rc1 Qe5 24. Bf4 Qf6 25. Re1 Nc2 26. Rd1 Nxa3 27. Bg5 Qg6 28. d7
f5 29. Qf3 Bxd7 30. Bxd7 b4 31. Bxd8 b3 32. Nf4 Qh6 33. Bxe6+ Kf8 34. Bxf5 g6
35. Ne6+ Kg8 36. Qa8 gxf5 37. Bg5+ Kf7 38. Bxh6 Kxe6 39. Qxa6+ Ke5 40. Qxa3 1-0

[Event "AUTO-INT-856"]
[Site "http://www.queenalice.com/game.php?id=382198"]
[Date "2008.4.4"]
[Round "1"]
[White "righidarosa"]
[Black "zolaweed"]
[Result "0-1"]
[WhiteElo "1433"]
[BlackElo "1685"]

1. e4 e6 2. e5 Nc6 3. Nf3 a6 4. a3 Be7 5. b4 Nh6 6. d4 Nf5 7. c3 h6 8. Bf4 g5 9.
Bg3 h5 10. Bd3 Ng7 11. O-O h4 12. Bxh4 gxh4 13. h3 b6 14. Qb3 a5 15. b5 Na7 16.
c4 Nf5 17. Nbd2 Rg8 18. Bxf5 exf5 19. Qe3 d6 20. exd6 Qxd6 21. Ne5 Bb7 22. Qf4
Rxg2+ 23. Kh1 Rxf2+ 24. Ndf3 Bxf3+ 25. Kg1 Rg2+ 26. Kh1 Bb7 27. Qxf5 Rg5+ 28.
Kh2 Rxf5 29. Rxf5 f6 30. d5 fxe5 31. Raf1 e4+ 32. Kg2 Qg3+ 33. Kh1 Qxh3+ 34. Kg1
Bc5+ 35. R1f2 Bxf2+ 36. Rxf2 e3 37. Rh2 Qg3+ 38. Rg2 Qe1+ 39. Kh2 Bc8 40. Rg8+
Kf7 41. Rg5 Qf2+ 42. Rg2 Qf4+ 43. Kg1 h3 44. Rh2 Qg3+ 45. Kh1 Qe1# 0-1

[Event "AUTO-INT-856"]
[Site "http://www.queenalice.com/game.php?id=382213"]
[Date "2008.4.4"]
[Round "1"]
[White "coffeesean"]
[Black "righidarosa"]
[Result "0-1"]
[WhiteElo "1463"]
[BlackElo "1421"]

1. f4 d5 2. Nf3 Bg4 3. d4 Nf6 4. h3 Bxf3 5. gxf3 Qd6 6. Nc3 Nc6 7. Bg2 h6 8. O-O
O-O-O 9. Nb5 Qb4 10. a4 a6 11. c3 Qa5 12. Qd3 axb5 13. f5 e6 14. e4 dxe4 15.
fxe4 exf5 16. Rxf5 Ne7 17. Rxb5 Qa7 18. e5 c6 19. exf6 gxf6 20. Rc5 Qxc5 21. a5
Qa7 22. Be3 Bg7 0-1

[Event "AUTO-INT-856"]
[Site "http://www.queenalice.com/game.php?id=382214"]
[Date "2008.4.4"]
[Round "1"]
[White "righidarosa"]
[Black "coffeesean"]
[Result "1-0"]
[WhiteElo "1406"]
[BlackElo "1433"]

1. e4 e5 2. a3 Nf6 3. Nc3 c6 4. b4 d5 5. exd5 Nxd5 6. Bb2 b5 7. Nf3 Bd6 8. Nxd5
Nd7 9. Ne3 e4 10. Ng1 O-O 11. c4 Ba6 12. c5 Bc7 13. Qg4 Ne5 14. Qxe4 Bc8 15.
Bxe5 Re8 16. Bxc7 Rxe4 17. Bxd8 Be6 18. Be7 Bb3 19. Bd6 a5 20. bxa5 Rxa5 21. Nf3
1-0

[Event "AUTO-INT-856"]
[Site "http://www.queenalice.com/game.php?id=382225"]
[Date "2008.4.4"]
[Round "1"]
[White "righidarosa"]
[Black "Isaiasrochac"]
[Result "0-1"]
[WhiteElo "1412"]
[BlackElo "1716"]

1. e4 e5 2. Nf3 d6 3. a3 Nf6 4. g3 Nxe4 5. d3 Nf6 6. Bg2 Be7 7. Qe2 O-O 8. O-O
Bd7 9. Bd2 Bb5 10. c4 Bc6 11. b4 a6 12. Nc3 Nbd7 13. b5 axb5 14. cxb5 Bxf3 15.
Qxf3 b6 16. a4 Nc5 17. Be3 Rb8 18. Bxc5 dxc5 19. Ne4 Qd7 20. Rfe1 Nxe4 21. Qxe4
Bf6 22. g4 Rfe8 23. Rad1 Qd4 24. Qxd4 exd4 25. Rxe8+ Rxe8 26. Bf3 h6 27. h3 Bh4
28. Kf1 Re5 29. Re1 Rxe1+ 30. Kxe1 Kf8 31. Be4 Ke7 32. Ke2 Ke6 33. Kf3 Ke5 34.
Bc6 f6 35. Be4 Bg5 36. Kg2 Kf4 37. f3 Bh4 38. Bg6 Ke3 39. Be4 g5 40. Bf5 Kd2 41.
Be4 Kc3 42. Kf1 Kb4 0-1

[Event "AUTO-INT-856"]
[Site "http://www.queenalice.com/game.php?id=382226"]
[Date "2008.4.4"]
[Round "1"]
[White "Isaiasrochac"]
[Black "righidarosa"]
[Result "1-0"]
[WhiteElo "1720"]
[BlackElo "1408"]

1. e4 d5 2. exd5 Qxd5 3. Nc3 Qe5+ 4. Qe2 Qxe2+ 5. Bxe2 Nf6 6. d4 e6 7. Bd2 Bd6
8. O-O-O O-O 9. Bf3 c6 10. Nh3 e5 11. dxe5 Bxe5 12. Ng5 h6 13. Nge4 Bxc3 14.
Nxf6+ gxf6 15. Bxc3 f5 16. Rhe1 Nd7 17. Re2 f6 18. Rde1 Kg7 19. Bh5 b5 20. Re7+
Kg8 21. Re8 Rxe8 22. Rxe8+ Kg7 23. f4 c5 24. a3 a5 25. g4 b4 26. axb4 Bb7 27.
Rxa8 Bxa8 28. bxa5 Bb7 29. gxf5 c4 30. Be2 Be4 31. Bxc4 Bxf5 32. Bd5 Nc5 33. Bd4
Na6 34. Bb7 Nb4 35. c3 Nd3+ 36. Kd2 Nxb2 37. a6 Nc4+ 38. Kc1 Nd6 39. Bd5 Nc8 40.
a7 Nxa7 41. Bxa7 h5 42. h4 Kf8 43. Bd4 1-0

[Event "AUTO-INT-952"]
[Site "http://www.queenalice.com/game.php?id=427246"]
[Date "2008.7.4"]
[Round "1"]
[White "tlalexandri"]
[Black "righidarosa"]
[Result "1-0"]
[WhiteElo "1638"]
[BlackElo "1420"]

1. Nf3 c5 2. d4 c4 3. e4 b5 4. Bd2 e6 5. Nc3 a6 6. d5 Bb7 7. dxe6 dxe6 8. Be2 f6
9. O-O Bc5 10. Be3 Qc7 11. b3 Bxe3 12. fxe3 cxb3 13. axb3 g5 14. e5 Nd7 15. exf6
1-0

[Event "AUTO-INT-952"]
[Site "http://www.queenalice.com/game.php?id=427247"]
[Date "2008.7.4"]
[Round "1"]
[White "righidarosa"]
[Black "tlalexandri"]
[Result "0-1"]
[WhiteElo "1429"]
[BlackElo "1630"]

1. e4 Nc6 2. d4 e5 3. d5 Nd4 4. a3 c6 5. c3 Nb5 6. dxc6 bxc6 7. Bxb5 cxb5 8. b4
Nf6 9. Nd2 Bb7 10. Ngf3 Bd6 11. O-O O-O 12. Bb2 Qb6 13. a4 Nxe4 14. a5 Nxf2 15.
Rxf2 e4 0-1

[Event "AUTO-INT-952"]
[Site "http://www.queenalice.com/game.php?id=427258"]
[Date "2008.7.4"]
[Round "1"]
[White "MusicMan"]
[Black "righidarosa"]
[Result "1-0"]
[WhiteElo "1628"]
[BlackElo "1467"]

1. Nf3 d5 2. g3 Nf6 3. c4 dxc4 4. Qa4+ Bd7 5. Qxc4 b5 6. Qc2 b4 7. Bg2 e6 8. d3
Bd6 9. Nbd2 a5 10. a4 c5 11. O-O e5 12. e4 Nc6 13. Nc4 Bc7 14. b3 1-0

[Event "AUTO-INT-952"]
[Site "http://www.queenalice.com/game.php?id=427259"]
[Date "2008.7.4"]
[Round "1"]
[White "righidarosa"]
[Black "MusicMan"]
[Result "0-1"]
[WhiteElo "1482"]
[BlackElo "1617"]

1. e4 d5 2. Qe2 d4 3. d3 c6 4. Bf4 Nd7 5. Nf3 Qb6 6. b3 Ngf6 7. Nbd2 e6 8. g3 h6
9. Bg2 e5 10. Nxe5 Bd6 11. Nxd7 Bxd7 12. Bxd6 c5 13. Nc4 Qb4+ 14. Nd2 Ng4 0-1